|
|
|
|
| LEADER |
00000nlm0a2200000 4500 |
| 001 |
643522 |
| 005 |
20231101134253.0 |
| 029 |
1 |
0 |
|a RU
|b 2410453
|c Пат.
|d МПК C 22 B 19/00
|d МПК C 01 B 9/02
|d МПК B 23 K 35/362
|
| 035 |
|
|
|a (RuTPU)RU\TPU\network\8517
|
| 035 |
|
|
|a RU\TPU\network\4937
|
| 039 |
0 |
|
|a RU
|b 2010107940/02
|c 20100303
|
| 090 |
|
|
|a 643522
|
| 100 |
|
|
|a 20150914j20110127k y0rusy50 ca
|
| 101 |
0 |
|
|a rus
|
| 102 |
|
|
|a RU
|
| 105 |
|
|
|a a k 000zy
|
| 135 |
|
|
|a drcn ---uucaa
|
| 181 |
|
0 |
|a i
|
| 182 |
|
0 |
|a b
|
| 200 |
1 |
|
|a Способ получения хлорцинкатов аммония
|f В. А. Борисов, А. Н. Дьяченко, Р. И. Крайденко
|g Национальный исследовательский Томский политехнический университет (ТПУ)
|
| 203 |
|
|
|a Текст
|c электронный
|
| 300 |
|
|
|a опубл. 27.01.11
|
| 330 |
|
|
|a Изобретение относится к способу получения хлорцинкатов аммония. Способ включает термическую обработку смеси цинксодержащего соединения и хлорида аммония в стехиометрическом соотношении. При этом в качестве исходного цинксодержащего материала используют оксид цинка и применяют безводный хлорид аммония. Термическую обработку проводят при температуре 160-320°С в течение 1-12 часов. Техническим результатом является снижение себестоимости получаемых хлорцинкатов аммония.
|
| 610 |
1 |
|
|a патенты
|
| 610 |
1 |
|
|a труды учёных ТПУ
|
| 610 |
1 |
|
|a электронный ресурс
|
| 610 |
1 |
|
|a изобретения
|
| 700 |
|
1 |
|a Борисов
|b В. А.
|c химик-технолог
|c ассистент Томского политехнического университета
|f 1986-
|g Вадим Андреевич
|2 stltpush
|3 (RuTPU)RU\TPU\pers\27728
|
| 701 |
|
1 |
|a Дьяченко
|b А. Н.
|c химик-технолог
|c профессор Томского политехнического университета, доктор технических наук
|f 1977-
|g Александр Николаевич
|2 stltpush
|3 (RuTPU)RU\TPU\pers\27691
|
| 701 |
|
1 |
|a Крайденко
|b Р. И.
|c химик-технолог
|c доцент Томского политехнического университета, старший научный сотрудник, кандидат химических наук
|f 1983-
|g Роман Иванович
|2 stltpush
|3 (RuTPU)RU\TPU\pers\26383
|
| 712 |
0 |
2 |
|a Национальный исследовательский Томский политехнический университет (ТПУ)
|c (2009- )
|2 stltpush
|3 (RuTPU)RU\TPU\col\15902
|
| 801 |
|
1 |
|a RU
|b 63413507
|c 20120201
|
| 801 |
|
2 |
|a RU
|b 63413507
|c 20160606
|g RCR
|
| 856 |
4 |
|
|u http://www1.fips.ru/Archive/PAT/2011FULL/2011.01.27/DOC/RUNWC1/000/000/002/410/453/document.pdf
|
| 942 |
|
|
|c CF
|